Alexandrie : une architecture ottomane /

Saved in:

Main Author: Annaloro, Milena (Author)

Other Authors: Depaule, Jean-Charles., Lange, Guirémi.

Format: Book

Language: French

Published: Marseille : Éditions Parenthèses, c2011.

Subjects:

Tags: Add Tag

No Tags, Be the first to tag this record!

Call Number: NA7465 .A44 A55 2011

LEADER 00985namaa2200277 4500
001 25348
003 OSt
005 20250909103609.0
008 130303s2011 fr ab b 000 0 fre d
010 |a 2011492021 
020 |a 9782863641996 
040 |c ARCE Library 
043 |a f-ua--- 
050 4 |a NA7465 .A44 A55 2011 
100 1 |a Annaloro, Milena,   |e author  |9 25464 
245 1 0 |a Alexandrie :   |b une architecture ottomane /   |c Milena Annaloro, Guirémi Lange ; postface de Jean-Charles Depaule. 
264 1 |a Marseille :   |b Éditions Parenthèses,   |c c2011. 
300 |a 140 pages :   |b illustrations (chiefly color), maps ;   |c 28 cm. 
504 |a Includes bibliographical references (pages 133-135). 
650 0 |a Architecture, Domestic  |z Egypt  |z Alexandria  |v Pictorial works. 
650 0 |a Architecture, Ottoman  |z Egypt  |z Alexandria  |v Pictorial works. 
700 1 |a Depaule, Jean-Charles.  |9 28918 
700 1 |a Lange, Guirémi. 
901 |a reviewed 
942 |c BK  |2 lcc 
999 |c 23777  |d 23777